02151nam a2200217 a 4500008004100000020001500041041000800056092001700064100001900081245003100100250005700131260003200188300001100220500007800231505131700309590006101626655002101687942001301708999001501721952019701736161216e2005 sp ||||g |||| 000 1 spa d a8495908735 aspa c808l36sHUI1 aHui, Wei93944 aCasada con Buda /cWei Hui a1a ed.bTraducción Ainara Munt Ojanguren y Xu Ying aBarcelona:bEmecé;c2005. a277 p. aHui, W. (2005). Casada con Buda. (1a ed.). Barcelona : Editorial planeta. aCocó, una joven novelista de éxito, ha dejado su hogar en Shangai para irse a vivir a Nueva York. En este nuevo mundo conoce a Muju, un japonés con el que inicia una relación llena de atracción, pasión y complicidad. Cocó siente desde el principio que el suyo es un amor que esta predestinado y, satisfecha sentimental y sexualmente, inicia el camino hacia el despertar espiritual. Pero cuando la perfecta química que existe entre los dos empieza a resquebrajarse y aparece la figura de Nick, un neoyorquino arrollador que perturba su equilibrio, Cocó vuelve a su tierra en busca de sí misma. Se instala en la isla de Putuoshan, el paraíso budista que la vio nacer, con la intención de comprender sus propias emociones y poner en orden su vida con la ayuda del viejo y sabio Maestro de Naturaleza Vacía. Sin embargo, nadie puede huir de sus sentimientos, y en el momento en que los dos hombres de su vida desaparecen, Cocó se verá inmersa en el dilema más importante de su vida. Casada con Buda es la continuación de la historia que Wei Hui nos presentó en Shangai Baby, un relato semiautobiográfico de su despertar sexual y espiritual. El libro fue prohibido en China y se convirtió en un bestseller en todo el mundo, con más de siete millones de ejemplares vendidos.  aProyecto 4to libro. Donación Victoria Lara, Mayo 2018. aLiteratura92917 2ddccLIT c2779d2779 00102ddc4070aBFMbBFMcCRd2018-05-24eDonación Victoria Lara, mayo 2018l0o808 36 HUIp4294r2018-05-24tEj. 1w2018-05-24yLITzProyecto 4to libro. Donación Victoria Lara, mayo 2018